Normal view
MARC view
Entry Personal Name
001 - CONTROL NUMBER
- control field: 13406
003 - CONTROL NUMBER IDENTIFIER
- control field: ARRUPE
005 - DATE AND TIME OF LATEST TRANSACTION
- control field: 20141211141151.0
008 - FIXED-LENGTH DATA ELEMENTS
- fixed length control field: 141211|| aca||aabn | a|a d
040 ## - CATALOGING SOURCE
- Original cataloging agency: ARRUPE
- Transcribing agency: ARRUPE
100 ## - HEADING--PERSONAL NAME
- Personal name: Great Britain, Colonial Office
670 ## - SOURCE DATA FOUND
- Source citation: Work cat.: (ARRUPE): Great Britain, Colonial Office, The Future of the Africa, 1961